000 00397nam a2200133Ia 4500
008 151001s9999||||xx |||||||||||||| ||und||
100 _aजयद्याल गोयन्द्का
245 _aव्यवहारमे परमार्थ कि कला
250 _a1
260 _bगिता एजन्सी
260 _c1994
300 _a208
365 _b21
999 _c971089
_d971086